Statistics for Top Coffee-Exporting Countries

Click here to take the quiz!

General Stats

  • This quiz has been taken 509 times
    (245 since last reset)
  • The average score is 9 of 16

Answer Stats

%$Country% Correct
15.15000Brazil
95%
8.02500Colombia
88%
2.5786United States
87%
2.0641Peru
78%
2.6822Indonesia
72%
2.5796Ethiopia
65%
7.52300Vietnam
58%
4.81500France
56%
5.41700Italy
54%
2.1653Guatemala
47%
3.51100Honduras
45%
7.92600Germany
42%
1.6516Uganda
31%
2.9905Belgium
28%
2.6811Netherlands
28%
9.12900Switzerland
25%

Score Distribution

Percentile by Number Answered

Percent of People with Each Score

Your Score History

You have not taken this quiz since the last reset